Como mejorar el cuidado paliativo (Record no. 73185)
[ view plain ]
| 000 -LEADER | |
|---|---|
| fixed length control field | 01035nam a2200253Ia 4500 |
| 245 00 - TITLE STATEMENT | |
| Title | Como mejorar el cuidado paliativo |
| 260 ## - PUBLICATION, DISTRIBUTION, ETC. (IMPRINT) | |
| Place of publication | Washington, D.C. : |
| Name of publisher | Institute of Medicine, National Research Council, |
| Year of publication | 2003. |
| 300 ## - PHYSICAL DESCRIPTION | |
| Number of Pages | 20 p. |
| 650 #0 - SUBJECT ADDED ENTRY--TOPICAL TERM | |
| Topical Term | Cancer |
| Topical Term | Cancer |
| 856 40 - ELECTRONIC LOCATION AND ACCESS | |
| Uniform Resource Identifier | http://site.ebrary.com/lib/rucke/Doc?id=10046861 |
No items available.
